Manual de Derecho Penal. Tomo II: Parte Especial

Gespeichert in:
Bibliographische Detailangaben
Hauptverfasser: Suárez-Mira Rodríguez, Carlos (VerfasserIn), Judel Prieto, Angel (VerfasserIn), Piñol Rodríguez, José Ramón (VerfasserIn)
Format: Buch
Sprache:Spanisch
Veröffentlicht: Pamplona, España Aranzadi SAU 2018
Ausgabe:7a. ed
Schlagworte:
Tags: Tag hinzufügen
Keine Tags, Fügen Sie den ersten Tag hinzu!

MARC

LEADER 00000cam a2200000 a 4500
001 UCC7918
003 CL-VaPUC
005 20240819123708.0
008 190520e20180000sp |||||||||||||||||spa|d
020 |a 9788490991770 
020 |a 9788490991794 
040 |c Pontificia Universidad Católica de Valparaíso 
082 0 4 |a 345.46 SUA 2018  |2 21 
100 0 |a Suárez-Mira Rodríguez, Carlos  |e author  |9 602666 
245 1 0 |a Manual de Derecho Penal.   |b Tomo II: Parte Especial 
250 |a 7a. ed 
260 |a Pamplona, España  |b Aranzadi SAU  |c 2018 
300 |a 885 páginas;   |b Tomo II 
583 |a last modification  |c 20190520 16:29:00  |k Rodrigo Vera 
650 0 |a Derecho penal español  |9 368528 
650 0 |a Responsabilidad penal  |9 254899 
700 0 |a Judel Prieto, Angel  |e author  |9 602667 
700 0 |a Piñol Rodríguez, José Ramón  |e author  |9 602668 
852 |a BIBDER 
942 |c BK  |2 ddc 
945 |d 20190520 16:29:00  |a dcastane 
999 |c 374431  |d 374429 
952 |0 0  |1 0  |2 ddc  |3 erb  |4 0  |6 345_460000000000000_SUA_2018  |7 0  |8 A  |9 492956  |a BIBDER  |b BIBDER  |d 2019-05-09  |e 2  |g 83292.00  |h t.2  |i 5549663  |l 1  |m 2  |o 345.46 SUA 2018  |p 5549663  |r 2023-01-25  |s 2022-09-22  |w 2019-11-24  |y BK  |z Catalogado en:20190520  |k DER